Country Unscramble #1 - Statistics

General Stats
  • This quiz has been taken 424 times
  • The average score is 23 of 30
Answer Stats
Continent / Area Scrambled Country Country % Correct
Africa gMcadasraa Madagascar
98%
Caribbean aJmaaic Jamaica
92%
Asia mVitane Vietnam
87%
North America adnCaa Canada
86%
Asia wiTana Taiwan
86%
Africa ewZbmbia Zimbabwe
86%
Europe xreLuuombg Luxembourg
85%
Asia iPknatas Pakistan
84%
Asia aaimbCod Cambodia
82%
Central America igarNaacu Nicaragua
82%
Asia Belndhsaga Bangladesh
80%
Central America maeaaultG Guatemala
80%
South America eneVlzaue Venezuela
80%
Africa uitibojD Djibouti
79%
Europe reuaslB Belarus
78%
Middle East rihaBan Bahrain
77%
Oceania tKiriabi Kiribati
75%
Africa imzMqeobua Mozambique
75%
Africa rEaiter Eritrea
70%
Asia neoaidnsI Indonesia
69%
Asia IeazrajAnb Azerbaijan
67%
Oceania Aisrtuaal Australia
66%
Asia yzrgsytnKa Kyrgyzstan
66%
Europe shectneetinLi Liechtenstein
66%
Asia ztakhaasKn Kazakhstan
65%
Asia rgaSoenip Singapore
63%
Asia iTijnatkas Tajikistan
63%
South America uearSimn Suriname
61%
Europe nIadecl Iceland
58%
Africa lsecSleeyh Seychelles
54%
No matching quizzes found
Score Distribution
Percent of People with Each Score
Percentile by Number Answered
Your Score History
You have not taken this quiz